00730nam a2200169Ia 4500008004100000020001800041082001500059100005400074245012000128250001600248260003900264300001100303942001200314999001900326952011800345952009700463210430s9999 xx 000 0 und d a9780750644457 a660 C853 C aJ.F.Richardson, J H Harker, J R Backhurst9127644 aCoulson and Richardson,s Chemical Engineering: Particle Technology and Separation Processes Vol 2 /cJ.F.Richardson a5th edition aIndiabButterworth Heinemannc2001 a1229p. cBK2ddc c564266d564266 00102ddc4070aSCMEbSCMEcGENd0007-05-11l5m7o660 C853 CpSCME-3463r2024-06-04s2024-02-28w2021-04-30yBK 00102ddc4070aSCMEbSCMEd2026-03-10l0o660 C853 CpSCME-E11r2026-03-10w2026-03-10yBK